| 000 -LEADER |
| fixed length control field |
00886cam a2200241 a 4500 |
| 020 ## - INTERNATIONAL STANDARD BOOK NUMBER |
| ISBN |
9789251071090 |
| 020 ## - INTERNATIONAL STANDARD BOOK NUMBER |
| ISBN |
9251071098 |
| 040 ## - CATALOGING SOURCE |
| Transcribing agency |
CN3GA |
| 082 ## - DEWEY DECIMAL CLASSIFICATION NUMBER |
| Classification number |
334 FAO 2011 C146 Or. |
| 100 1# - MAIN ENTRY--AUTHOR NAME |
| Personal name |
Elbehri, Aziz. |
| 245 10 - TITLE STATEMENT |
| Title |
Global action on climate change in agriculture : |
| Remainder of title |
linkages to food security, markets and trade policies in developing countries / |
| 246 30 - VARYING FORM OF TITLE |
| Title proper/short title |
Linkages to food security, markets and trade policies in developing countries |
| 260 ## - PUBLICATION, DISTRIBUTION, ETC. (IMPRINT) |
| Place of publication |
Rome : |
| Name of publisher |
Trade and Markets Division, Food and Agriculture Organization of the United Nations, |
| Year of publication |
2011. |
| 300 ## - PHYSICAL DESCRIPTION |
| Number of Pages |
ix, 82 p. ; |
| Dimensions |
30 cm. |
| 650 #0 - SUBJECT ADDED ENTRY--TOPICAL TERM |
| Topical Term |
Food supply |
| 650 #0 - SUBJECT ADDED ENTRY--TOPICAL TERM |
| Topical Term |
Food security |
| 650 #0 - SUBJECT ADDED ENTRY--TOPICAL TERM |
| Topical Term |
Food industry and trade |
| 650 #0 - SUBJECT ADDED ENTRY--TOPICAL TERM |
| Topical Term |
Agriculture |
| 700 1# - ADDED ENTRY--PERSONAL NAME |
| Personal name |
Genest, Alexandre. |
| 700 1# - ADDED ENTRY--PERSONAL NAME |
| Personal name |
Burfisher, Mary E. |
| 710 2# - ADDED ENTRY--CORPORATE NAME |
| Corporate name or jurisdiction name as entry element |
Food and Agriculture Organization of the United Nations. |
| 942 ## - ADDED ENTRY ELEMENTS (KOHA) |
| Koha item type |
ADB |
| 952 ## - LOCATION AND ITEM INFORMATION (KOHA) |
| Withdrawn status [LOCAL, KOHA] |
0 |